[Event "Cairo Egyptian op"]
[Site "Cairo"]
[Date "2016.04.23"]
[Round "2"]
[White "Hussein, Moustafa"]
[Black "El Ghazali, Youssef M"]
[Result "0-1"]
[WhiteElo "2016"]
[BlackElo "2320"]
[PlyCount "58"]
[EventDate "2016.04.22"]
[EventType "swiss"]
[EventRounds "9"]
[EventCountry "EGY"]
[SourceTitle "CBM 172 Extra"]
[Source "ChessBase"]
[SourceDate "2016.06.21"]
[SourceVersion "1"]
[SourceVersionDate "2016.06.21"]
[SourceQuality "1"]

1. d4 Nf6 2. Nf3 c5 3. e3 e6 4. c4 d5 5. Nc3 Nc6 6. cxd5 exd5 7. Ne5 Bd6 8. Bb5 Qc7 9. f4 0-0 10. 0-0 cxd4 11. exd4 Nxd4 12. Be3 Nf5 13. Bf2 d4 14. Ne2 Bxe5 15. fxe5 Qxe5 16. Qd3 Ng4 17. Bg3 Nxg3 18. Nxg3 Qe3+ 19. Qxe3 Nxe3 20. Rf4 Rd8 21. Bd3 Ng4 22. Re1 Bd7 23. Re7 Nf6 24. Rxd4 Kf8 25. Re3 Be6 26. Rxd8+ Rxd8 27. a3 Ng4 28. Rf3 Ne5 29. Be4 Nxf3+ 0-1